Zákon o civilnej ochrane obyvateľstva s komentárom

Úplné znenie zákona NR SR č. 42/1994 Z.z. z 27. januára 1994 o civilnej ochrane obyvateľstva v znení neskorších zákonov s komentárom. Vyhláška Ministerstva vnútra SR č. 27/1995 Z.z. z 20. januára 1995 o zabezpečovaní organizovania jednotiek civilnej ochrany v znení vyhlášky č. 268/1998 Z.z. Prílohy...

ver descrição completa

Na minha lista:
Detalhes bibliográficos
Autor principal: Matulová, Mariana
Outros Autores: Ľupták, Ctibor
Formato: Capítulo de Livro
Idioma:eslovaco
Assuntos:
Tags: Adicionar Tag
Sem tags, seja o primeiro a adicionar uma tag!

MARC

LEADER 00000naa a2200000 4500
001 r033985
005 20230919084216.9
041 0 |a slo 
044 |a SK 
245 1 0 |a Zákon o civilnej ochrane obyvateľstva s komentárom  |c Mariana Matulová, Ctibor Ľupták 
520 |a Úplné znenie zákona NR SR č. 42/1994 Z.z. z 27. januára 1994 o civilnej ochrane obyvateľstva v znení neskorších zákonov s komentárom. Vyhláška Ministerstva vnútra SR č. 27/1995 Z.z. z 20. januára 1995 o zabezpečovaní organizovania jednotiek civilnej ochrany v znení vyhlášky č. 268/1998 Z.z. Prílohy k vyhláške. 
610 2 0 |a ochrana civilná 
610 2 0 |a obyvateľstvo 
610 2 0 |a bezpečnosť 
610 2 0 |a správa štátna 
610 2 0 |a zákony 
610 2 0 |a vyhlášky 
610 2 0 |a Slovensko 
610 2 0 |a 1994-1998 
610 2 0 |a komentáre 
100 1 |a Matulová, Mariana 
700 1 |a Ľupták, Ctibor